000 00331nam a2200145Ia 4500
005 20250320015635.0
008 240331s9999 xx 000 0 und d
082 _bMUN
_a894
100 _aAsokamithiran,. ed
245 0 _aMuntril
260 _aChennai
_bVel Pathippagam
_c1987
300 _a38 p .,
650 _aPoems
942 _cL
999 _c4220
_d4220